Creative food photography: How to capture exceptional images of food (Record no. 395677)

MARC details
000 -LEADER
fixed length control field 00608 a2200217 4500
005 - DATE & TIME
control field 20260430115602.0
008 - FIXED-LENGTH DATA ELEMENTS--GENERAL INFORMATION
fixed length control field 260429b |||||||| |||| 00| 0 eng d
020 ## - ISBN
International Standard Book Number 9781527258358
Price £ 27.00
040 ## - CATALOGING SOURCE
Original cataloging agency VIVEKANANDA LIBRARY
082 ## - DDC NUMBER
Classification number 778.8
Book Number E65C
100 ## - MAIN ENTRY--PERSONAL NAME
Personal name Espinel, Kimberly
245 ## - TITLE STATEMENT
Title Creative food photography: How to capture exceptional images of food
260 ## - PUBLICATION, DISTRIBUTION, ETC. (IMPRINT)
Name of publisher, distributor, etc Delish Books
Date of publication, distribution, etc 2021
Place of publication, distribution, etc Britain
300 ## - PHYSICAL DESCRIPTION
Pages 206
650 ## - Subject
Subject Food Photography
650 ## - Subject
Subject Photography-Food
650 ## - Subject
Subject Photography-Techniques
650 ## - Subject
Subject Food-Photography
650 ## - Subject
Subject Commercial Photography
942 ## - ADDED ENTRY ELEMENTS (KOHA)
Koha item type Books
Holdings
Withdrawn status Lost status Source of classification or shelving scheme Damaged status Not for loan Location (home branch) Sublocation or collection (holding branch) Shelving location Date acquired Koha issues (times borrowed) Koha full call number Accession No. Koha date last seen Koha item type
    Dewey Decimal Classification     VIVEKANANDA LIBRARY VIVEKANANDA LIBRARY IHTM Library 27/01/2026   778.8 E65C 425226 27/01/2026 Books
© Designed and Maintained by Vivekananda Library, MDU Rohtak